Historia del arte cristiano / por Juan Plazaola Artola, S.J.

Shranjeno v:
Bibliografske podrobnosti
Glavni avtor: Plazaola Artola, Juan (autor)
Format: Knjiga
Izdaja:2a edición
Serija:Serie de Manuales de Teología ; no. 20
Teme:
Oznake: Označite
Brez oznak, prvi označite!

MARC

LEADER 00000nam^a2200000^u^4500
001 000547453
005 20250521000000.0
008 060220s1000^^^^^^^^^^^^r^^^^^000^0^spa^d
009 20260310131431.67
022 |a 8479145099 
035 |a FMI 000017163 
037 |a Acervo Xavier Clavigero 
096 |a 2.1.1/20/A 
100 |a Plazaola Artola, Juan  |e (autor) 
245 1 0 |a Historia del arte cristiano / por Juan Plazaola Artola, S.J. 
250 |a 2a edición  |b revisada y aumentada 
264 |a Madrid : Biblioteca de Autores Cristianos 
300 |a xv, 348 p. 
336 |a texto  |b txt  |2 rdacontenido 
337 |a sin mediación  |b n  |2 rdamedio 
338 |a volumen  |b nc  |2 rdasoporte 
440 0 |a Serie de Manuales de Teología ; no. 20 
597 |a "BAC Manuales" 
649 |a XX 
650 |a Arte Cristiano--Historia 
910 |a Fondo Francisco Migoya Covarrubias S.J. 
920 |a Impresos - Libros 
930 |a Fondos Especiales 
905 |a 134 
901 |a SBC25601  |b IT2  |c ESP  |u 20250521 
902 |a https://opac.biblio.iteso.mx/vufind/Record/000547453